| 000 | 00587nam a22001817a 4500 | ||
|---|---|---|---|
| 999 |
_c494 _d494 |
||
| 005 | 20190816143608.0 | ||
| 008 | 190816b ||||| |||| 00| 0 eng d | ||
| 020 | _a9781405335522 | ||
| 040 | _cKH8 | ||
| 082 | _a398.2 WIL | ||
| 100 | _aWilkinson, Philip | ||
| 245 |
_aMyths & legends : _ban illustrated gudie to their origins and meanings / _cPhilip Wilkinson. |
||
| 260 |
_aLondon : _bDorling Kindersley, _c2009. |
||
| 300 |
_a352 p. : _bill. (chiefly col.), ports. (some col.) ; _c25 cm. |
||
| 500 | _aIncludes index. Formerly CIP. | ||
| 650 | _aMythology. | ||
| 942 |
_2ddc _cNFIC |
||